00899cam a2200277 i 45000010008000000030012000080050017000200080041000370100017000780200015000950400012001100500018001220820017001401000049001572450095002062600031003013000036003324900038003685000040004065000020004465040030004666500030004966500035005266500018005617000042005794137857NUST - PNEC20170116181042.0770203s1977 nyu b 001 0 eng  a 77001133  a0471160415 cLIBRARY00aQC242.2b.C5500a551.4601 CLA1 aClay, Clarence S.q(Clarence Samuel),d1923-10aAcoustical oceanography :bprinciples and applications /cClarence S. Clay, Herman Medwin. aNew York :bWiley,cc1977. axviii, 544 p. :bill. ;c24 cm.0 aOcean engineering, a Wiley series a"A Wiley-Interscience publication." aIncludes index. aBibliography: p. 526-536. 0aUnderwater acoustics.xME 0aSeawaterxAcoustic properties. 0aOceanography.1 aMedwin, Herman,d1920-ejoint author.